00581nam a22001817a 450000500170000001000150001702000260003203500130005803700130007108200100008410000180009424501090011226000380022127000540025930000290031350000400034270000170038220160621114041.0 aENG-115171 a9789385288616c350.00 aEN-98703 bDBAD/PUB a612.3 aEnders,Giulia aGut the inside story of our body's most under-rated organ /cby Giulia Enders ; translated by David Shaw aNew Delhi bSpeaking Tiger c2015 a4381/4,Ansari Road, Daryaganj,bNew Delhie110002 a263p. :c21cm(pbk)bill. aIncludes bibliographical references aShaw, David